Blue's clues. Get clued into school pack ... Read More
Record details
- Physical Description: 3 videodiscs (294 min.) : sound, color ; 4 3/4 in.
- Edition: Standard format.
- Publisher: Hollywood, Calif. : Nickelodeon, [2015]
Content descriptions
| General Note: | Animation and live action. |
| Formatted Contents Note: | Blue's room. Alphabet power -- Blue's clues. Blue ... Read More |
| Participant or Performer Note: | Steven Burns, Donovan Patton. Voices: Victoria Pontecorvo, Traci Paige Johnson. |
| Date/Time and Place of an Event Note: | Originally produced 1996-2005. |
| Target Audience Note: | Not rated. Canadian Home Video Rating: G. |
| System Details Note: | DVD, region 1; Dolby Digital stereo. |
| Language Note: | In English. Closed-captioned. |
Search for related items by subject
| Subject: | Blue (Fictitious character) > Juvenile films. Dogs > Juvenile films. Shapes > Juvenile films. Alphabet > Juvenile films. Schools > Juvenile films. |
| Genre: | Animated television programs. Children's television programs. Video recordings for the hearing impaired. |
Search for related items by series
| LDR | 02527cgm a2200625Ki 4500 | ||
|---|---|---|---|
| 001 | 177258 | ||
| 003 | LARL_NWRL_CONSORTIUM | ||
| 005 | 20150401100618.0 | ||
| 007 | vd cvaizs | ||
| 008 | 150310p20151996cau294 j vceng d | ||
| 024 | 1 | . | ‡a032429215468 |
| 035 | . | ‡a(OCoLC)904607852 | |
| 040 | . | ‡aGK6 ‡erda ‡cGK6 ‡dOCLCO | |
| 041 | 0 | . | ‡aeng ‡jeng |
| 245 | 0 | 0. | ‡aBlue's clues. ‡pGet clued into school pack ‡h[DVD/videorecording]/ ‡cNick Jr. ; Nickelodeon ; created by Traci Paige Johnson, Todd Kessler, Angela C. Santomero. |
| 246 | 3 | 0. | ‡aGet clued into school pack |
| 250 | . | ‡aStandard format. | |
| 260 | . | ‡aHollywood, Calif. : ‡bNickelodeon, ‡c[2015] | |
| 300 | . | ‡a3 videodiscs (294 min.) : ‡bsound, color ; ‡c4 3/4 in. | |
| 336 | . | ‡atwo-dimensional moving image ‡btdi ‡2rdacontent | |
| 337 | . | ‡avideo ‡bv ‡2rdamedia | |
| 338 | . | ‡avideodisc ‡bvd ‡2rdacarrier | |
| 344 | . | ‡adigital ‡boptical ‡2rda | |
| 347 | . | ‡avideo file ‡bDVD video ‡2rda | |
| 490 | 0 | . | ‡aBlue's clues |
| 538 | . | ‡aDVD, region 1; Dolby Digital stereo. | |
| 546 | . | ‡aIn English. | |
| 546 | . | ‡aClosed-captioned. | |
| 511 | 1 | . | ‡aSteven Burns, Donovan Patton. |
| 511 | 0 | . | ‡aVoices: Victoria Pontecorvo, Traci Paige Johnson. |
| 518 | . | ‡aOriginally produced 1996-2005. | |
| 500 | . | ‡aAnimation and live action. | |
| 521 | 8 | . | ‡aNot rated. |
| 521 | 8 | . | ‡aCanadian Home Video Rating: G. |
| 505 | 0 | . | ‡aBlue's room. Alphabet power -- Blue's clues. Blue takes you to school -- Blue's clues. Shapes and colors! |
| 650 | 0. | ‡aBlue (Fictitious character) ‡vJuvenile films. | |
| 650 | 0. | ‡aDogs ‡vJuvenile films. | |
| 650 | 0. | ‡aShapes ‡vJuvenile films. | |
| 650 | 0. | ‡aAlphabet ‡vJuvenile films. | |
| 650 | 0. | ‡aSchools ‡vJuvenile films. | |
| 655 | 7. | ‡aAnimated television programs. ‡2lcgft ‡0(LARL_NWRL_CONSORTIUM)175705 | |
| 655 | 7. | ‡aChildren's television programs. ‡2lcgft ‡0(LARL_NWRL_CONSORTIUM)175766 | |
| 655 | 7. | ‡aVideo recordings for the hearing impaired. ‡2lcgft ‡0(LARL_NWRL_CONSORTIUM)175744 | |
| 700 | 1 | . | ‡aPatton, Donovan, ‡d1978- ‡eactor. ‡0(LARL_NWRL_CONSORTIUM)210551 |
| 700 | 1 | . | ‡aBurns, Steven, ‡d1973- ‡eactor. ‡0(LARL_NWRL_CONSORTIUM)145377 |
| 700 | 1 | . | ‡aPontecorvo, Victoria, ‡evoice actor. |
| 700 | 1 | . | ‡aJohnson, Traci Paige, ‡ecreator, ‡evoice actor. ‡0(LARL_NWRL_CONSORTIUM)136505 |
| 700 | 1 | . | ‡aKessler, Todd, ‡ecreator. ‡0(LARL_NWRL_CONSORTIUM)131040 |
| 700 | 1 | . | ‡aSantomero, Angela C., ‡ecreator. ‡0(LARL_NWRL_CONSORTIUM)129328 |
| 948 | . | ‡hNO HOLDINGS IN LAL - 21 OTHER HOLDINGS | |
| 994 | . | ‡aZ0 ‡bLAL | |
| 901 | . | ‡a177258 ‡bOCLC ‡c177258 ‡tbiblio | |

Add to basket
Permalink
Disable Highlighting